[Event "FIDE World Cup"]
[Site "Khanty-Mansiysk"]
[Date "2011.09.03"]
[Round "3.1"]
[White "Polgar, Judit"]
[Black "Karjakin, Sergey"]
[Result "1-0"]
[WhiteElo "2699"]
[BlackElo "2788"]
[Annotator "Ftacnik,L"]
[PlyCount "97"]
[EventDate "2011.08.28"]
[EventType "k.o."]
[EventRounds "7"]
[EventCountry "RUS"]
[SourceTitle "CBM 145"]
[Source "ChessBase"]
[SourceDate "2011.11.11"]
[SourceVersion "1"]
[SourceVersionDate "2011.11.11"]
[SourceQuality "1"]

1. e4 e5 2. Nf3 Nc6 3. Bb5 Nf6 4. O-O Nxe4 5. d4 Nd6 6. Bxc6 dxc6 7. dxe5 Nf5
8. Qxd8+ Kxd8 {Kramnik was able to eliminate Kasparov's white pieces in the
London 2000 match with the help of this ambitious defence. Black is playing
without castling and with the worse pawn structure, but he can lean back on
the advantage of the bishop pair.} 9. Nc3 Ke8 10. h3 h5 11. Rd1 {So far there
is no patent which leadis to the gaining of an advantage, so in every game
white players try to squeeze from the position some concrete benefits.} (11.
Bg5 Be7 12. Rfd1 Be6 13. g3 (13. Rd2 h4 (13... Rd8 14. Rad1 Rxd2 15. Rxd2 h4
16. Bxe7 Kxe7 17. Ne2 Bd5 18. Nfd4 Nxd4 19. Nxd4 g6 20. b3 a5 21. c4 Be6 $11 {
1-0 Anand,V (2788)-Karjakin,S (2723)/Moscow 2009 (51)}) 14. Rad1 Rh5 15. Bxe7
Nxe7 16. Nd4 Bd5 17. f4 a6 18. b3 b6 19. Kf2 Rc8 20. Rd3 $14 {1/2-1/2 Robson,R
(2560)-Bacrot,E (2710)/Khanty Mansiysk 2011 (26)}) 13... Rd8 14. Rxd8+ (14. Kg2
f6 15. Bf4 Bb4 16. exf6 Bxc3 17. f7+ Bxf7 18. bxc3 Rxd1 19. Rxd1 Bxa2 20. Ra1
Bd5 21. Rxa7 Rf8 22. Rxb7 $2 Nh4+ $19 {0-1 Zhigalko,A (2591)-Matlakov,M (2603)/
Sestao 2010 (26)}) 14... Bxd8 15. Rd1 Be7 16. b3 b6 17. Bxe7 Kxe7 18. Ne2 a5
19. Nf4 c5 20. Ng5 Rh6 21. c3 $16 {1-0 Navara,D (2722)-Kryvoruchko,Y (2635)/
Reykjavik 2010 (44)}) 11... Be7 12. Ne4 Bd7 (12... Nh4 13. Nxh4 Bxh4 14. Ng5
Bf5 15. c4 Rf8 16. Rd4 Bxg5 17. Bxg5 f6 18. exf6 gxf6 19. Re1+ Kf7 20. Rf4 Kg6
21. Bh4 Rad8 22. Re3 $14 {1-0 Balogh,C (2595)-Delorme,A (2434)/Arinsal 2009 
(68)}) (12... Be6 13. Nfg5 Bd5 (13... Rh6 14. b3 Rg6 15. Bf4 Nh4 16. Nxe6 Rxe6
17. Bh2 Ba3 18. Rab1 a5 19. c3 Be7 20. a4 Rb8 21. b4 axb4 22. cxb4 $11 {
1/2-1/2 Szabo,K (2523)-Kovacs,G (2500)/Szombathely 2010 (126)}) 14. b3 Rd8 15.
c4 Bxe4 16. Rxd8+ Bxd8 17. Nxe4 h4 18. Bb2 Be7 19. Rd1 Rh6 20. Rd3 c5 21. Kf1
$14 {1-0 Vachier Lagrave,M (2710)-Gozzoli,Y (2524)/Marseilles 2010 (41)}) 13.
b3 h4 {Nobody is able to tell Black sensibly which danger should be addressed
as a priority. The fixing of the kingside pawns lowers the danger of the
advance of his majority. The other competing concept was to gradually advance
the queenside with the hope of generating real counterplay.} (13... c5 $5 14.
Bg5 b6 $14) 14. Bg5 Rd8 15. c4 b6 (15... Bxg5 16. Nfxg5 b6 17. Rd2 Be6 18. Nxe6
fxe6 19. Rxd8+ Kxd8 20. Rd1+ $14) 16. Rd2 Bc8 (16... Bxg5 17. Nfxg5 Be6 $14)
17. Rxd8+ Kxd8 (17... Bxd8 18. Bf4 (18. Rd1 Bxg5 19. Nfxg5 Ke7 $11) 18... c5
19. Rd1 Rh5 $14) 18. Rd1+ Ke8 19. Bf4 c5 (19... Be6 20. Kf1 $14) 20. e6 $5 {
[%mdl 32] A remarkable moment in the battle of two concepts. The white player
is seemingly illogically giving up the pawn majority on the kingside; the
black bishops automatically gain in importance. The curse of the defence is at
this moment the passive location of the rook on the other side of the board.}
Bxe6 $2 {Karjaking is a brilliant talent from the Ukraine, but currently
playing for Russia. The change of the federation did not come cheap - the
conditions for him had an implicit guarantee of the Russian government. The
goal is to groom a player with the potential to win the world championship
title. In World Cup he had the bad luck of meeting Judit Polgar who was coming
back after longish maternity leave at the height of her powers. The strongest
woman player in history is not afraid of any opponent. The Russian hope missed
the chance to apply an unusual solution. After the less appealing recapture
with a pawn chances would have remained balanced.} (20... fxe6 21. Bxc7 Bb7 22.
Nfg5 Rh6 23. Bb8 Rg6 24. f4 a6 $11) 21. Bxc7 f6 (21... Bc8 22. Nc3 Bb7 23. Nd5
Rh5 24. Bb8 Nd4 25. Nxd4 Bxd5 26. Nb5 Bb7 27. Bxa7 Rg5 28. Nc7+ Kf8 29. Nd5 $16
) 22. Bb8 a6 (22... Bd8 23. Bxa7 Bc7 24. Nc3 Kf7 25. Nb5 Ra8 26. Nxc7 Rxa7 27.
Nxe6 Kxe6 28. a4 $16) 23. Ba7 Bd8 (23... b5 24. cxb5 axb5 25. Bxc5 $16) 24. Nc3
Kf7 (24... Bc7 25. Na4 b5 26. Nxc5 Bc8 27. Rc1 $16) 25. Na4 $1 {The position
has significantly moved towards understandable problems without original
features. Black is losing a pawn and has to look for the most promising form
of resistance.} b5 26. Nxc5 Bc8 (26... bxc4 27. Nxe6 Kxe6 28. bxc4 Be7 29. Kf1
$16) 27. cxb5 axb5 28. a4 $5 (28. Ne4 Be7 29. Nc3 $14) 28... bxa4 (28... b4 29.
Nd2 Be7 30. Nc4 Bxc5 31. Bxc5 Be6 32. Na5 Kg6 33. Rd3 Rb8 34. g4 hxg3 35. fxg3
$18) 29. bxa4 Re8 {Knowledge of the course of the game enables us to guess,
that somewhat better chances for a real fight were offered by the idea of
opening the d-file for counterplay.} (29... Bc7 $5 30. Rb1 Rd8 31. Bb6 Rd5 32.
Bxc7 Rxc5 33. Bb6 Rc2 34. Rb4 g5 35. a5 Bb7 36. Nd4 $16) 30. Rb1 $1 g5 (30...
Bc7 31. Bb8 Bd8 32. Rb5 Be7 33. Bc7 $16) 31. Bb6 Be7 (31... Bxb6 32. Rxb6 Re2
33. a5 Ra2 34. Ne4 $18) 32. a5 Bxc5 {When the position is sliding the defender
should try keep das far away from the abyss as possible. Defence with both
bishops would have enabled Polgar to dream about the ideal location for the
knight on the c7-square.} (32... Nd6 33. Nd2 Nb7 34. Na6 Bf5 35. Ra1 Rc8 36.
Nc7 Bc5 37. Bxc5 Nxc5 38. a6 Rxc7 39. a7 Rxa7 40. Rxa7+ $18) 33. Bxc5 Re6 34.
Rb6 (34. Rb8 Ba6 35. Bb4 Rc6 $16) 34... Ng7 {The blockade on the light square
is seriously complicating the advance of the a-pawn, but Polgar will easily
refocus on the pawn weaknesses of the kingside.} (34... Rxb6 35. Bxb6 Ke6 36.
Nd2 Nd6 37. f3 Ba6 38. Bd4 f5 39. Nb3 $16) 35. Be3 (35. Nd4 Rxb6 36. axb6 Ne6
37. Nb3 Ke8 38. Bb4 f5 39. Na5 Nd8 40. f3 Kd7 41. Bd2 f4 42. Bc3 $18) 35... Nf5
(35... Rxb6 36. axb6 Nf5 37. Bc5 Ke6 38. Nd2 Kd5 39. Ba3 $16) 36. Rb8 Re8 (
36... Nxe3 37. Rxc8 Nd5 38. Rc5 $18) 37. Ra8 Bb7 {The choice of the endgame,
in which the defender could stand a chance to save the difficult position is a
very complicated task. The battle of the bishop against the knight in the
event of an exchange on e3 would not have been pretty for Black.} (37... Nxe3
38. fxe3 Bf5 39. Rxe8 Kxe8 40. Nd2 Kd7 41. e4 Be6 42. e5 fxe5 43. Ne4 Kc6 44.
Nxg5 Bd5 45. Nf3 $18) 38. Ra7 Re7 39. Bc5 Rd7 40. a6 Bc6 41. Rxd7+ Bxd7 42. Nd2
(42. Nd4 Nxd4 43. Bxd4 Ke6 44. a7 Bc6 45. f3 f5 46. Kf2 $16) 42... Ke6 43. Nc4
Bc6 {The last moment when the final part of the game might have developed
differently. Unfortunately also the fight of the black knight against the
bishop would have been hopelessly lost.} (43... Kd5 44. Na5 $1 Bc6 45. Nxc6
Kxc6 46. Kf1 Ng7 47. Be7 Nh5 (47... Ne8 48. Bd8 $18) 48. Ke2 $18) 44. Nb6 Nd6 (
44... Ng7 45. a7 Kf5 46. a8=Q Bxa8 47. Nxa8 Ne6 48. Bd6 $18) 45. Bxd6 Kxd6 46.
a7 Kc7 47. a8=Q Bxa8 48. Nxa8+ Kb7 49. f4 $1 {The charming finish is
reminiscent of the sharp intake of breath you experience at the moment, when
everything is beautiful around you. White will win the pawn endgame without
any effort, since the black king has to go to the far away a8-square.} (49. f4
$1 Kxa8 (49... gxf4 50. Kf2 Kxa8 51. Kf3 Kb7 52. Kxf4 Kc6 53. Kf5 $18) 50. fxg5
fxg5 51. Kf2 Kb7 52. Kf3 Kc6 53. Kg4 $18) 1-0

[Event "Berlin Mephisto 1st"]
[Site "Berlin East"]
[Date "1990.05.23"]
[Round "7"]
[White "Lau, Ralf"]
[Black "Smagin, Sergey"]
[Result "0-1"]
[WhiteElo "2460"]
[BlackElo "2520"]
[Annotator "Fuchs,R"]
[PlyCount "46"]
[EventDate "1990.05.16"]
[EventType "tourn"]
[EventRounds "9"]
[EventCountry "DDR"]
[EventCategory "11"]
[SourceTitle "EXT 1997"]
[Source "ChessBase"]
[SourceDate "1996.11.15"]
[SourceVersion "1"]
[SourceVersionDate "1996.11.15"]
[SourceQuality "1"]

{SCHACH 6/1990} 1. e4 e5 2. Nf3 Nc6 3. Bb5 Nf6 4. O-O Nxe4 5. d4 Nd6 6. Bxc6
bxc6 7. dxe5 Nb7 8. Qe2 Be7 9. Re1 O-O 10. b3 Nc5 11. Bb2 Ne6 12. Nc3 f6 13.
Rad1 Qe8 14. exf6 Bxf6 15. Na4 Qg6 16. Bxf6 Qxf6 17. Qc4 Kh8 18. Kh1 $6 Nf4 19.
Ne5 $2 d6 $1 20. Nd3 Nxg2 $1 21. Kxg2 Bh3+ $1 22. Kxh3 Qf3+ 23. Kh4 g5+ $1 (
23... g5+ {wegen} 24. Kxg5 Rf5+ {nebst matt}) 0-1

[Event "Poikovsky Karpov 10th"]
[Site "Poikovsky"]
[Date "2009.06.10"]
[Round "7"]
[White "Gashimov, Vugar"]
[Black "Naiditsch, Arkadij"]
[Result "1-0"]
[WhiteElo "2730"]
[BlackElo "2700"]
[Annotator "Gashimov,V"]
[PlyCount "79"]
[EventDate "2009.06.03"]
[EventType "tourn"]
[EventRounds "9"]
[EventCountry "RUS"]
[EventCategory "18"]
[SourceTitle "CBM 131"]
[Source "ChessBase"]
[SourceDate "2009.07.15"]
[SourceVersion "1"]
[SourceVersionDate "2009.07.15"]
[SourceQuality "1"]

1. e4 e5 2. Nf3 Nc6 3. Bb5 Nf6 {The Berlin Defence, my opponent's main weapon
against 1.e4 and one in which he has pretty good results. Die Berliner
Verteidigung, die Hauptwaffe meines Gegners gegen 1.e4, mit der er auch
ziemlich gute Resultate erzielt hat.} 4. O-O Nxe4 5. d4 Nd6 6. Bxc6 dxc6 7.
dxe5 Nf5 8. Qxd8+ Kxd8 9. Nc3 Ne7 10. Ne4 {This move is very rarely seen, yet
even so, I was employing it for the fourth time already! Diesen Zug sieht man
sonst ziemlich selten, aber ich wandte ihn bereits zum vierten Mal an!} Ng6 11.
b3 $5 {Von dieseem Zug hat mir mein Trainer und Sekundant Viorel Jordacescu
bereits vor einem Jahr erzählt, aber erst in Runde 2 des aktuellen Turniers
kam ich dazu, diese Neuerung gegen Onischuk anzuwenden, in einer Partie, die
ich gewann. Already a year ago, my trainer and second, Viorel Jordacescu told
me about this move, but only in round 2 of the present tournament did I get to
employ this novelty against Onischuk, in a game I won.} ({Before this, I had
played Zuvor hatte ich} 11. Nfg5 {letztes Jahr gegen Alekseev und Aronian
gespielt, beide Partien endeten remis. against Alekseev and Aronian last year,
both games ending in a draw.}) 11... h6 ({Onischuk played Onischuk zog} 11...
Ke8) 12. Bb2 Bf5 13. Ng3 Bd7 14. Rad1 c5 $2 ({Probably Vermutlich war} 14...
Kc8 {was stronger. stärker.}) 15. e6 $1 {My opponent was playing very quickly,
and I was mystified as to what he had prepared, since Black's position is
already very bad. Mein Gegner spielte sehr schnell, und ich war verblüfft, was
er wohl vorbereitet hatte, denn die Stellung von Schwarz ist bereits sehr
schlecht.} fxe6 16. Rfe1 {The plan with h4-h5, playing for full domination,
was also interesting, but I wanted to bring the rook to e4-g4. Der Plan, mit
h4-h5 auf volle Dominanz zu spielen, war ebenfalls interessant, aber ich
wollte den Turm nach e4-g4 bringen.} Kc8 (16... Ke8 17. Re4 ({also possible is
möglich ist auch} 17. h4 Bc6 18. Rxe6+ Kf7 19. Re3)) 17. Rd2 $1 {Now White
switches to another plan. Jetzt schaltet Weiß auf einen anderen Plan um.} b5
18. Red1 Bc6 19. Rd8+ Kb7 20. Rxa8 Kxa8 21. Ne5 $1 (21. Rd8+ Kb7 22. Ne5 {
allows erlaubt} Be7 23. Rxh8 Nxh8 24. Nxc6 Kxc6 25. Bxg7 Nf7) 21... Nxe5 22.
Rd8+ Kb7 23. Bxe5 a5 {Before surrendering the exchange, Black advances his
pawns as far as possible. Bevor er die Qualität gibt, rückt Schwarz seine
Bauern so weit wie möglich vor.} (23... Bd6 24. Rxh8 Bxe5 25. f3 $5 {and then
Ne4. und dann Ne4.}) 24. Nf1 $5 ({Maybe Vielleicht war} 24. Nh5 {was stronger,
but I did not like the position after stärker, aber mir missfiel die Stellung
nach} Bd6 25. Rxh8 Bxe5 {when it was very difficult to calculate everything
out fully. Even so, post-game analysis showed that White is winning. wonach es
sehr schwer war, alles bis zum Ende zu berechnen. Dennoch, die
post-mortem-Analyse zeigte, dass Weiß auf Gewinn steht.}) 24... h5 $1 {Black's
best chance. Die beste Chance für Schwarz.} 25. h4 $1 {Not allowing ...h4, ...
Rh5. Lässt ...h4, ...Rh5 nicht zu.} Rg8 26. Bf4 {Another accurate move,
preventing g5, and not giving Black any counterplay. Wieder ein genauer Zug,
der g5 verhindert und Schwarz keinerlei Gegenspiel gibt.} e5 27. Be3 Be4 {
Black has no more waiting moves, as White is threatening 28.Bc5. Schwarz hat
keine Wartezüge mehr, da Weiß 28.Bc5 droht.} 28. Bxc5 Bxc5 29. Rxg8 Bxc2 30.
Rxg7 Bb1 31. g4 Bxa2 (31... hxg4 32. h5 Bxa2 33. Nd2 Bf8 34. Rg6 a4 35. bxa4
bxa4 36. h6 Bxh6 37. Rxh6 a3 38. Rh5 Bd5 39. Rxe5 a2 40. Re1 Kc6 41. Kf1 Kc5
42. Ke2 Kb4 (42... Kd4 43. Rc1 c5 44. Nf1 c4 45. Ne3 Be6 46. Kd2 c3+ 47. Rxc3
a1=N 48. Rd3+ Ke4 49. Kc3 Kf3 50. Rd6 Bg8 51. Rg6 Bh7 52. Rg7 Be4 53. Rf7+ $18)
43. Kd3 c5 44. Ra1 $1 c4+ 45. Kd4 c3 46. Kxd5 cxd2 47. Kd4 Kb3 48. Kd3 Kb2 49.
Rxa2+ Kxa2 50. Kxd2 Kb2 51. Ke3 Kc3 52. Kf4 $18) 32. gxh5 Bf8 (32... Bxb3 33.
h6 Bf8 34. Rg6 Bxh6 35. Rxh6 a4 36. Nd2 Bd5 37. Rh5 a3 38. Rxe5 a2 39. Re1 b4
40. h5 b3 41. Nxb3 Bxb3 42. h6 Bc2 43. Ra1 Bb1 44. Rxa2 $18) 33. Rf7 ({The
move Genauer war der Zug} 33. Rg8 {was more accurate. was more accurate.})
33... Bh6 34. Rf6 Bc1 (34... Bxb3 35. Rxh6 a4 36. Nd2 Bd5 37. Kh2 a3 38. Rg6 a2
39. Rg1 $18) (34... Bf4 35. Rxf4 $1 exf4 36. Nd2 $18) 35. h6 Bb1 36. Ne3 Bxe3 (
36... a4 37. bxa4 bxa4 38. Nc4 Bd3 39. Na5+ Ka7 40. Nc6+ Kb7 41. Nd8+ Kc8 (
41... Kb8 42. Ra6 $1 $18) 42. Ne6 $18) 37. fxe3 a4 38. bxa4 b4 39. Rf1 $1 Bd3 (
{Stronger would have been Stärker wäre gewesen} 39... Be4 40. Rc1 Kb6 41. Kf2 (
41. Rc4 c5 $1 42. Rxe4 $4 b3) 41... c5 42. Ke2 Kc6 (42... b3 43. Rc3) 43. Kd2
Kd5 44. a5 c4 45. a6 c3+ 46. Ke2 Kc4 (46... Kc6 47. Ra1 b3 48. a7) 47. a7 b3
48. h7 b2 49. Re1 c2 50. h8=Q b1=Q 51. Qc8+ Kb3 52. Qb8+ $18) 40. Rc1 1-0

[Event "Mukachevo m"]
[Site "Mukachevo"]
[Date "2010.08.13"]
[Round "2"]
[White "Naiditsch, Arkadij"]
[Black "Efimenko, Zahar"]
[Result "1-0"]
[WhiteElo "2684"]
[BlackElo "2689"]
[Annotator "Golubev,M"]
[PlyCount "85"]
[EventDate "2010.08.12"]
[EventType "match"]
[EventRounds "6"]
[EventCountry "UKR"]
[SourceTitle "CBM 138"]
[Source "ChessBase"]
[SourceDate "2010.09.17"]
[SourceVersion "1"]
[SourceVersionDate "2010.09.17"]
[SourceQuality "1"]

1. e4 e5 2. Nf3 Nc6 3. Bb5 Nf6 4. O-O Nxe4 5. d4 Nd6 6. Bxc6 dxc6 7. dxe5 Nf5
8. Qxd8+ Kxd8 9. Nc3 Ke8 10. Bf4 $5 {Naiditsch already used this rare move.}
Be6 11. Rfd1 (11. a3 h6 12. Rad1 {occurred in Naiditsch-Jakovenko, Poikovsky
2010.}) 11... h6 12. g4 Ne7 13. h3 Nd5 ({If} 13... h5 14. Ng5 $1) 14. Bd2 Nxc3
{Preventing Ne4. Still, the exchange does not look necessary.} 15. Bxc3 c5 16.
Kg2 Be7 17. Ng1 $1 {A clever retreat. White is somewhat better.} h5 18. f3 Rd8
({Black could have tried} 18... Bc4 $5 {preventing Ne2. Then,} 19. b3 (19. f4
$5) 19... Ba6 20. e6 hxg4 $1 {, etc. is not dangerous for him.}) 19. Ne2 Rxd1
20. Rxd1 hxg4 21. hxg4 Bg5 22. a3 Ke7 23. Bd2 $1 Bxd2 24. Rxd2 b5 $2 {A wrong
move, which weakens the c5 pawn.} 25. Nc3 $1 Rb8 ({After} 25... b4 $6 {them
move} 26. Nd5+ $1 {is unpleasant, but not} (26. axb4 cxb4 27. Nb5 a5 $5 28.
Nxc7 Rc8)) 26. Ne4 $1 ({Nothing special is achieved by White after} 26. Nd5+
Bxd5 27. Rxd5 c4 28. f4 Ke6 29. Rc5 Kd7) 26... c4 ({After} 26... b4 $5 27. a4 {
, preserving the advantage. Weaker is} (27. Nxc5 bxa3 28. bxa3 Rb5)) 27. Kg3 a5
28. f4 $1 g6 $6 {Another weakening, after which Black's chances to save the
game are minimal.} ({More stubborn could have been} 28... c6 $5 {, preparing ..
.Bd5.}) 29. Kh4 $1 {The white king goes to g5, supporting f4-f5.} b4 30. axb4
axb4 31. Kg5 Rb5 {Preventing f4-f5, but now the black king is danger.} 32. Nf6
c3 33. bxc3 bxc3 34. Rh2 $1 {A decisive activation of the rook.} Bd5 ({White
is also winning after} 34... Rb2 35. Rh8 Bd7 36. Nd5+ {etc.}) 35. Rh3 $1 {
And the rest was easy for Naiditsch.} Bc6 36. Rxc3 Rb6 37. Rc5 Ra6 38. Kh6 Kf8
39. c4 Rb6 40. Nd5 Bxd5 41. cxd5 Rb7 42. d6 cxd6 43. exd6 1-0

[Event "EU-chT (Men) 11th"]
[Site "Pula"]
[Date "1997.05.??"]
[Round "5.1"]
[White "Almasi, Zoltan"]
[Black "Aleksandrov, Aleksej"]
[Result "1-0"]
[WhiteElo "2595"]
[BlackElo "2615"]
[Annotator "Hecht,H"]
[PlyCount "91"]
[EventDate "1997.05.05"]
[EventType "team-swiss"]
[EventRounds "9"]
[EventCountry "CRO"]
[SourceTitle "CBM 057 Extra"]
[Source "ChessBase"]
[SourceDate "1997.05.01"]
[SourceVersion "1"]
[SourceVersionDate "1997.05.01"]
[SourceQuality "1"]
[WhiteTeam "Hungary"]
[BlackTeam "Belarus"]
[WhiteTeamCountry "HUN"]
[BlackTeamCountry "BLR"]

1. e4 e5 2. Nf3 Nc6 3. Bb5 Nf6 4. O-O Nxe4 5. d4 Nd6 6. Bxc6 dxc6 7. dxe5 Nf5
8. Qxd8+ Kxd8 9. Nc3 Ke8 10. h3 a5 11. Rd1 a4 12. g4 Ne7 13. Kg2 Ng6 14. Rd4
Be7 15. Kg3 h5 16. Bg5 hxg4 17. hxg4 f6 18. Bf4 f5 19. g5 a3 20. b3 Be6 21. Ne2
Kf7 22. Rdd1 c5 23. Be3 c4 24. Nfd4 cxb3 25. axb3 c5 26. Nxe6 Kxe6 27. b4 Ra4
28. Rdb1 Rxb4 29. Rxb4 cxb4 30. f4 Rd8 31. Nd4+ Kd5 32. Kf3 Nh4+ 33. Kg3 Ke4
34. Re1 Rxd4 35. Bxd4+ Kxd4 36. Kxh4 {[#] Wenn mich nicht alles täuscht,steht
Schwarz klar auf Gewinn, wenn er g6 oder Kc3 spielt.} b3 $2 (36... g6 $1 {
[%cal Rd4c3,Rc3b2,Rc3c2]}) (36... Kc3 $5 37. Kh5 Kxc2 38. Kg6 b3 39. Kxg7 b2
40. Kf7 a2 41. g6 b1=Q 42. Rxb1 axb1=Q 43. g7 Qb3+ $19) 37. cxb3 g6 38. Rc1 Ke3
39. Kg3 Kd2 40. Rc4 b5 41. Rc7 Bc5 42. Rc6 a2 43. Ra6 Kc3 44. Rxa2 Kxb3 45. Ra6
b4 46. Rxg6 1-0

[Event "Vienna Bawag"]
[Site "Vienna"]
[Date "1996.??.??"]
[Round "5"]
[White "Kindermann, Stefan"]
[Black "Polgar, Sofia"]
[Result "0-1"]
[WhiteElo "2575"]
[BlackElo "2495"]
[Annotator "Hecht,H"]
[PlyCount "84"]
[EventDate "1996.05.??"]
[EventType "tourn"]
[EventRounds "9"]
[EventCountry "AUT"]
[EventCategory "9"]
[SourceTitle "CBM 054"]
[Source "ChessBase"]
[SourceDate "1996.10.01"]
[SourceVersion "1"]
[SourceVersionDate "1996.10.01"]
[SourceQuality "1"]

1. e4 e5 2. Nf3 Nc6 3. Bb5 Nf6 4. O-O Nxe4 5. d4 Nd6 6. Bxc6 dxc6 7. dxe5 Nf5
8. Qxd8+ Kxd8 9. Nc3 Ke8 10. h3 h6 11. Ne2 Ne7 12. b3 a5 13. Bb2 a4 14. c4 Ng6
15. Nc3 a3 16. Bc1 Bb4 17. Bd2 Be6 18. Ne4 Bxd2 19. Nexd2 Ke7 20. Ne4 Rhd8 21.
Rfd1 Nf4 22. Nc5 b6 23. Nxe6 Kxe6 24. Kf1 c5 25. Ne1 Kxe5 26. Nc2 Nd3 27. Ke2
Nb4 28. Nxb4 cxb4 {[#] passive wTT, Raumvergrößerung durch Vorgehen der s
K-Flügelbauern} 29. Ke3 (29. Rxd8 Rxd8 30. Rd1 Rxd1 31. Kxd1 Kd4 32. Kd2 f5 33.
Kc2 f4 34. Kd2 g5 35. Kc2 h5 36. Kd2 g4 37. hxg4 hxg4 38. Kc2 g3 39. fxg3 fxg3
40. Kd2 c6 41. Ke2 Kc3 42. Ke3 Kb2 43. Kd2 Kxa2 44. Kc2 c5 $19) 29... g5 30. g3
h5 31. Rac1 c6 32. Ra1 f6 33. Rac1 Rac8 34. Ra1 Kf5 35. f3 $6 (35. Rd3) 35...
h4 36. g4+ Ke5 {[%csl Rf4]} 37. Rac1 c5 38. Ra1 Rd4 39. Rxd4 cxd4+ 40. Kf2 d3
41. Ke3 Rd8 42. Rd1 d2 (42... d2 43. Rxd2 Rxd2 44. Kxd2 Kf4 $1 (44... Kd4 45.
Ke2 Kc3 46. Ke3 Kb2 47. Kd2 Kxa2 48. Kc2 $10) 45. Ke2 Kg3 $19) 0-1

[Event "RUS-Cup6"]
[Site "Krasnodar"]
[Date "1997.03.16"]
[Round "6"]
[White "Galkin, Alexander"]
[Black "Aleksandrov, Aleksej"]
[Result "1/2-1/2"]
[WhiteElo "2510"]
[BlackElo "2615"]
[Annotator "Hecht,H"]
[PlyCount "117"]
[EventDate "1997.03.11"]
[EventType "swiss"]
[EventRounds "9"]
[EventCountry "RUS"]
[SourceTitle "EXT 2000"]
[Source "ChessBase"]
[SourceDate "1999.11.16"]
[SourceVersion "1"]
[SourceVersionDate "1999.11.16"]
[SourceQuality "1"]

1. e4 e5 2. Nf3 Nc6 3. Bb5 Nf6 4. O-O Nxe4 5. d4 Nd6 6. Bxc6 dxc6 7. dxe5 Nf5
8. Qxd8+ Kxd8 9. Nc3 Ke8 10. h3 a5 11. Bf4 Be6 12. g4 Ne7 13. Nd4 Nd5 14. Nxe6
fxe6 15. Bd2 Bb4 16. Nxd5 cxd5 17. Be3 Kd7 18. a4 Be7 19. Kg2 c5 20. c4 Kc6 21.
b3 Ra6 22. Rab1 Rd8 23. Rfc1 dxc4 24. Rxc4 Rb6 25. Rc3 Rb4 26. f4 g6 27. Kf3
Rf8 28. h4 b6 29. g5 Kb7 30. Rd1 Rc8 31. h5 gxh5 32. Rh1 Rc7 33. Rxh5 Bf8 34.
Ke2 Rd7 35. Rd3 Rf7 36. Bd2 c4 37. Rdh3 Rxb3 38. Rxh7 Rxh7 39. Rxh7+ Kc6 40.
Be3 c3 41. Rh8 c2 42. Rxf8 Rxe3+ 43. Kd2 Ra3 44. g6 Rg3 45. Rg8 Rg2+ 46. Kc1
Kd7 47. g7 Ke7 48. Rb8 Rxg7 49. Rb7+ Kf8 50. Rxg7 Kxg7 {Weiß kommt als erster
zur Freibauernbildung mittels f5. Mit geschickter Königsführung kommt Schwarz
mit verzögertem b5 ebenfalls zur Dame. Ein Tempostücklein!} 51. Kxc2 Kf7 (51...
Kg6 52. Kd3 Kf5 53. Ke3 Kg6 54. Ke4 Kf7 55. f5 exf5+ 56. Kxf5 b5 57. axb5 a4
58. e6+ Kg7 (58... Ke7 59. b6 a3 60. b7 a2 61. b8=Q a1=Q 62. Qc7+ Ke8 63. Qd7+
Kf8 64. Qf7#) 59. e7 Kf7 60. b6 a3 61. b7 a2 62. e8=Q+ $18) 52. Kd3 Ke7 53. Ke4
Kd8 54. f5 exf5+ 55. Kxf5 b5 $1 56. axb5 (56. Kf6 bxa4 57. Kf7 a3 58. e6 a2 59.
e7+ Kc7 $15) 56... a4 57. b6 a3 58. b7 Kc7 59. e6 1/2-1/2